| 000 | 00688nam a2200217 a 4500 | ||
|---|---|---|---|
| 005 | 20221123063628.0 | ||
| 008 | 991125s1982 bar 000 0 spa u | ||
| 020 | _a8475091563 | ||
| 035 | _aUPN01000056162 | ||
| 040 |
_aUPN _bspa _cUPN |
||
| 049 | _aCG | ||
| 050 | 4 |
_aBF683 _bN8.88 |
|
| 100 | 1 |
_aNuttin, Joseph, _d1909-1988 _929722 |
|
| 245 | 1 | 0 |
_aTeoría de la motivación humana : _bde la necesidad al proyecto de acción / _cJoseph Nuttin ; tr. Rubén Núñez. |
| 260 |
_aBarcelona, Esp. : _bPaidós, _c1982. |
||
| 300 | _a221 p. | ||
| 440 | 0 |
_aPaidós psicología general. _pFundamental ; _v10 |
|
| 650 | 7 |
_aMotivación (Psicología) _95909 |
|
| 905 | _aLibro | ||
| 942 |
_2lcc _cLIBRO |
||
| 999 |
_c56162 _d56162 |
||